[Event "World ol U16"]
[Site "Nakhchivan"]
[Date "2022.10.09"]
[Round "8.8"]
[White "Caputcuoglu, Zeki Berke"]
[Black "Anand, Batsukh"]
[Result "0-1"]
[WhiteElo "2370"]
[BlackElo "2201"]
[PlyCount "109"]
[EventDate "2022.10.02"]
[EventType "team-swiss"]
[EventRounds "9"]
[EventCountry "AZE"]
[SourceTitle "CBM 210 Extra"]
[Source "ChessBase"]
[SourceDate "2022.11.30"]
[SourceVersion "1"]
[SourceVersionDate "2022.11.30"]
[SourceQuality "1"]
[WhiteTeam "Turkey White"]
[BlackTeam "Mongolia"]
[WhiteTeamCountry "TUR"]
[BlackTeamCountry "MGL"]

1. e4 d6 2. d4 e5 3. Nf3 Nd7 4. Nc3 Ngf6 5. g4 g6 6. g5 Nh5 7. Be3 Bg7 8. Qd2 c6 9. 0-0-0 Qe7 10. Be2 0-0 11. h4 b5 12. dxe5 dxe5 13. Qd6 Qxd6 14. Rxd6 Nb8 15. Rhd1 Nf4 16. Bxf4 exf4 17. e5 Bf5 18. h5 gxh5 19. Nd4 Bg6 20. e6 Be5 21. e7 Bxd6 22. exf8Q+ Bxf8 23. Bf3 a6 24. Re1 b4 25. Ne4 Nd7 26. Nf6+ Nxf6 27. gxf6 Bc5 28. Nxc6 Rf8 29. Re5 Bxf2 30. Bxh5 Bh4 31. Ne7+ Kh8 32. Nd5 h6 33. Kd1 Bg5 34. Bf3 Rd8 35. Kc1 Rc8 36. Nxb4 Bxf6 37. Re2 Rb8 38. c3 Rd8 39. Nd5 Bg5 40. Rd2 Re8 41. c4 Kg7 42. c5 Be4 43. Bxe4 Rxe4 44. Nc3 Re5 45. Kc2 Rxc5 46. Rf2 Re5 47. Rf3 Kg6 48. Kd3 Kf5 49. b4 Kg4 50. Rf1 f3 51. Ne4 Kf4 52. Nd2 Re3+ 53. Kd4 Bf6+ 54. Kc5 Rd3 55. Nc4 0-1